Geography Quiz

Random Geography or City Quiz

'S' Cities in the Netherlands Quiz Stats

 Plays Quiz not verified by Sporcle

Score 0/21 Timer 20:00
0 Plays Today
Province City % Correct
FrieslandSneek
84.5%
LimburgSittard
83.1%
UtrechtSoest
79.7%
South HollandSchiedam
78.4%
South HollandSpijkenisse
70.3%
South HollandSliedrecht
63.5%
GroningenStadskanaal
56.8%
North HollandSchagen
48%
OverijsselSteenwijk
45.3%
South HollandSassenheim
43.9%
North BrabantSint-Oedenrode
43.2%
Province City % Correct
North BrabantSchijndel
42.6%
North Brabant's-Hertogenbosch
39.9%
North BrabantSomeren
39.2%
North BrabantSon en Breugel
38.5%
North BrabantSint-Michielsgestel
37.8%
LimburgStein
35.8%
North BrabantSteenbergen
34.5%
South HollandSchoonhoven
33.1%
OverijsselStaphorst
31.8%
South Holland's-Gravenzande
25%

You're not logged in!

Compare scores with friends on all Sporcle quizzes.
OR
Log In

Show Comments

Extras

Top Quizzes Today


Score Distribution

Your Account Isn't Verified!

In order to create a playlist on Sporcle, you need to verify the email address you used during registration. Go to your Sporcle Settings to finish the process.

Report this User

Report this user for behavior that violates our Community Guidelines.

Details: